000 00602nam a2200229Ia 4500
005 20260429112306.0
008 260429s9999||||xx |||||||||||||| ||und||
020 _a9781799600206
041 _aEnglish
082 _a634.8
_bDUB
100 _aDubuque, Chase
245 0 _aGrape cultivation and processing /
_cChase Dubuque
260 _aLondon :
_bWhite press,
_c2022.
300 _ax, 300 p.; hb
650 _a Agricultural science
650 _a Food technology
650 _a Fruit processing
650 _a Viticulture
650 _a Wine production
650 _aGrapes
942 _cTB
999 _c53348
_d53348